Quelques classes de fonctions entières limites de polynomes et de fonctions méromorphes limites de fractions rationnelles /
Guardado en:
| Autor Principal: | |
|---|---|
| Formato: | Libro |
| Idioma: | French |
| Publicado: |
Paris :
Hermann,
1941.
|
| Series: | Actualités scientifiques et industrielles ;
891 Exposés sur la théorie des fonctions ; 16 |
| Etiquetas: |
Agregar Etiqueta
Sin Etiquetas, Sea el primero en etiquetar este registro!
|
| LEADER | 00640nam a22001695a 4500 | ||
|---|---|---|---|
| 001 | MAT.inmabb000559 | ||
| 008 | 031118s1941####fr############001#0#fre#d | ||
| 005 | 20170801152019.0 | ||
| 245 | 1 | 0 | |a Quelques classes de fonctions entières limites de polynomes et de fonctions méromorphes limites de fractions rationnelles / |c par Nikola Obrechkoff. |
| 260 | |a Paris : |b Hermann, |c 1941. | ||
| 300 | |a 47 p. | ||
| 440 | 0 | |a Actualités scientifiques et industrielles ; |v 891 | |
| 440 | 0 | |a Exposés sur la théorie des fonctions ; |v 16 | |
| 510 | 4 | |a MR, |c MR0016137 | |
| 100 | 1 | |a Obrechkoff, Nikola. | |
| 084 | |a 30-XX |2 msc2000 | ||
| 859 | |h 30 |i Ob13 |p A-351 |b BIB. MATEMATICA | ||
